MESTSKÁ KNIŽNICA GIRALTOVCE  - online katalóg 

Noci a dni 2 (Record no. 10348)

000 -NÁVESTIE
fixed length control field 00674nam a2200205 a 4500
008 - ÚDAJE S PEVNOU DĹŽKOU – VŠEOBECNÉ INFORMÁCIE
fixed length control field 031118s1969||||xo 0 slo c
040 ## - ZDROJ KATALOGIZÁCIE
Pôvodná katalogizujúca agentúra SNK
Jazyk katalogizácie slo
Prepisujúca agentúra SNK
Konvencie popisu AACR2
041 1# - KÓD JAZYKA
Kód jazyka textu/zvukovej stopy alebo samostatných nápisov slo
Kód jazyka originálu a/alebo sprostredkujúcich prekladov textu pol
044 ## - KÓD KRAJINY VYDAVATEĽA/PRODUCENTA
Kód krajiny MARC xo
Kód krajiny ISO SK
080 ## - ČÍSLO MEDZINÁRODNÉHO DESATINNÉHO TRIEDENIA (MDT)
Číslo Medzinárodného desatinného triedenia (MDT) 884-3
020 ## - MEDZINÁRODNÉ ŠTANDARDNÉ ČÍSLO KNIHY (ISBN)
Údaje o dostupnosti 58
100 1# - OSOBNÉ MENÁ – VŠEOBECNÉ INFORMÁCIE
Osobné meno Dąbrowska, Maria
Kód roly aut
245 10 - NÁZOV
Názov Noci a dni 2
Číslo časti diela 1
-- 2
-- 3
-- 4
-- 5
Údaj o zodpovednosti atď. Maria Dąbrowska ; (z poľ. orig. prel. M. Babiaková-Bajová)
260 ## - VYDAVATEĽSKÉ ÚDAJE, DISTRIBÚCIA ATĎ.
Miesto publikovania, distribúcie atď. Bratislava
Názov vydavateľa, distibútora atď. Tatran
Dátum publikovania, distribúcie atď. 1969
Miesto výroby Turčiansky Sv. Martin
Výrobca Kníhtlačiarsky účastinársky spolok
300 ## - FYZICKÝ POPIS
Rozsah 2. 330, [2] s.
-- 3. 450, [2] s.
-- 4. 389, [2] s.
-- 5. 587, [2] s.
490 0# - EDÍCIA
Edícia Knihy Živeny
650 07 - PRIDANÝ VSTUP – PREDMET – TEMATICKÉ HESLO
Tematické heslo alebo geografický názov ako vstupný prvok romány poľské
Zdroj hesla alebo termínu SNK
700 1# - PRIDANÝ VSTUP – OSOBNÉ MENO
Kód roly trl
958 ## - Formálny deskriptor
Formálny deskriptor AUL
Holdings
Stav stiahnutia (Blokovanie) (Withrawn status) Stav straty Stav poškodenia (Damaged status) Nie pre výpožičky (Not for loan) Spôsob nadobudnutia (Collection code) Trvalé umiestnenie Aktuálne umiestnenie Dátum nadobudnutia Náklady, bežná kúpna cena Inventárne číslo (prírastkové číslo) Full call number Dátum posledného výskytu Cena s účinnosťou od Typ jednotky Koha
        Kúpa Mestská knižnica Giraltovce Mestská knižnica Giraltovce 2019-11-29 58.00 09737 B 3917 2019-11-29 2019-11-29 Krásna literatúra pre dospelých

Powered by Koha